Quer pasticciaccio brutto de via Merulana /

Збережено в:
Бібліографічні деталі
Автор: Gadda, Carlo Emilio (Автор)
Формат: Книга
Мова:Італійська мова
Опубліковано: Milano : Garzanti, 1973
Серія:I grandi libri Garzanti ; 16
Теги: Додати тег
Немає тегів, Будьте першим, хто поставить тег для цього запису!

MARC

LEADER 00000nam a22000007i 4500
001 IT\ICCU\SBL\0599915
003 ItRI
005 20260115232239.0
008 910930s1973 it |||||| |||||1|||||c
015 |2 IT  |a 744440 
040 |b ita  |c importazione bologna sebina 
041 7 |a ita  |2 ISO-639-2 
082 |a 853.91  |9 NARRATIVA ITALIANA. SEC. 20.  |2 17 
082 |a 853.91  |2 18 
100 1 |a Gadda, Carlo Emilio  |0 IT\ICCU\CFIV\000056  |4 aut 
240 1 0 |a Quer pasticciaccio brutto de via Merulana  |3 IT\ICCU\CAG\1940768  |9 Gadda, Carlo Emilio 
245 1 0 |a Quer pasticciaccio brutto de via Merulana /  |c Carlo Emilio Gadda. 
260 |a Milano :  |b Garzanti,  |c 1973 
300 |a  [20], 341 p., 1 c. di tav. :  |b ritr. ;  |c 18 cm. 
790 1 |a Gada, Karlo Emilio  |3 IT\ICCU\SBNV\057684  |z Gadda, Carlo Emilio 
830 2 |a I grandi libri Garzanti ;  |v 16  |0 IT\ICCU\CFI\0000048 
942 |2 ddc  |c BK  |n 0 
952 |0 0  |1 0  |4 0  |6 DOC_853_912000000000000_GAD  |7 0  |9 22826  |a BO  |b BO  |d 2026-01-15  |i 10359  |l 0  |o DOC 853.912 GAD  |p BO10359  |r 2026-01-15 23:22:39  |w 2026-01-15  |x [Sebina 5] [1 v.]  |y BK  |z 1 v. 
999 |c 19482  |d 19482